Normal view
MARC view
Entry Geographic Name
001 - CONTROL NUMBER
- control field: 10861
003 - CONTROL NUMBER IDENTIFIER
- control field: BD-RjUL
005 - DATE AND TIME OF LATEST TRANSACTION
- control field: 20240116112743.0
008 - FIXED-LENGTH DATA ELEMENTS
- fixed length control field: 240116|| aca||aabn | a|a d
040 ## - CATALOGING SOURCE
- Original cataloging agency: BD-RjUL
- Transcribing agency: BD-RjUL
151 ## - HEADING--GEOGRAPHIC NAME
- Geographic name: France
- General subdivision: History
- Chronological subdivision: Louis XVI, 1774-1793
- Form subdivision: Fiction
670 ## - SOURCE DATA FOUND
- Source citation: Work cat.: (BD-RjUL)82633: Dumas, Alexandre, 10858, The queen's necklace :, [188-?].